| 000 | 00455nam a2200181Ia 4500 | ||
|---|---|---|---|
| 008 | 210423s2003 xx 000 0 und d | ||
| 020 | _a761997636 | ||
| 041 | _aeng | ||
| 082 | _a306.485 WHIS | ||
| 100 | _aWHITE (Shirley A) | ||
| 245 | _aParticipatory video | ||
| 260 |
_aNew Delhi _bSage Publications _c2003 |
||
| 300 |
_a412 _bPB |
||
| 365 |
_b525 _cINR |
||
| 650 | _aPolitical Sociology | ||
| 650 | _aSociology | ||
| 906 | _aParticipatory ; video | ||
| 999 |
_c158928 _d158928 |
||